[Event "C.to Italiano Semifinale"]
[Site "Torino ITA"]
[Date "2000.06.25"]
[Round "8"]
[White "Contin, Daniel"]
[Black "Collutiis, Duilio"]
[Result "1-0"]
[WhiteElo "2391"]
[BlackElo "2271"]
[PlyCount "171"]
[EventDate "2000.06.18"]

1. c4 g6 2. Nc3 Bg7 3. g3 e5 4. Bg2 Nc6 5. e3 d6 6. Nge2 Be6 7. d4 Bd7 8. O-O
Nh6 9. dxe5 dxe5 10. b3 O-O 11. Ba3 Re8 12. h3 Nf5 13. Ne4 b6 14. N2c3 Rc8 15.
Qf3 Nh6 16. Rad1 f5 17. Nf6+ Qxf6 18. Qd5+ Kh8 19. Qxd7 Nb8 20. Qa4 a6 21. Bb7
Rcd8 22. Rxd8 Rxd8 23. Nd5 Qf7 24. Bxa6 c6 25. Ne7 Ng8 26. Nxg8 Rxg8 27. b4 Qa7
28. b5 Nxa6 29. bxa6 Ra8 30. Rd1 h6 31. Qxc6 Qxa6 32. Be7 Kh7 33. Rd7 Rc8 34.
Qe6 Rxc4 35. Ba3 Qc8 36. Bb2 Rc7 37. Rxg7+ Kxg7 38. Bxe5+ Kh7 39. Qxb6 Rc1+ 40.
Kh2 Qa8 41. e4 Rc6 42. Qd4 Qb7 43. exf5 gxf5 44. Qd5 Rc7 45. Qd8 Rc8 46. Qf6
Qd7 47. h4 Rc6 48. Qh8+ Kg6 49. Bf4 Kh5 50. Qg8 Qe6 51. Qa8 Qe4 52. Qa7 Qe6 53.
a4 Rb6 54. Qa8 Qe4 55. Qf8 Rb1 56. Qxh6+ Kg4 57. Bc1 Kf3 58. Qd2 Rb4 59. a5 Rd4
60. Qe3+ Qxe3 61. Bxe3 Ra4 62. Kh3 Ra1 63. Kh2 Rxa5 64. Bb6 Rb5 65. Be3 Ra5 66.
Kh3 Ra1 67. Kh2 Ra5 68. Bf4 Kxf2 69. h5 Kf3 70. Kh3 Ke4 71. Kh4 Kd5 72. Kg5 Ke6
73. Kg6 Ra8 74. Kg7 Ra7+ 75. Kg6 Ra8 76. Bh6 Ra4 77. Bg5 Ra8 78. Bf6 Ra4 79. h6
Rg4+ 80. Bg5 Rxg3 81. h7 Rh3 82. Bh6 Rg3+ 83. Kh5 Rh3+ 84. Kg5 Rg3+ 85. Kf4
Rg4+ 86. Kf3 1-0

[Event "C.to Italiano Semifinale"]
[Site "Torino ITA"]
[Date "2000.06.25"]
[Round "8"]
[White "Martorelli, Antonio"]
[Black "Laco, Giuseppe"]
[Result "1/2-1/2"]
[WhiteElo "2271"]
[BlackElo "2209"]
[PlyCount "78"]
[EventDate "2000.06.18"]

1. e4 c5 2. Nf3 e6 3. d4 cxd4 4. Nxd4 a6 5. Nc3 b5 6. Bd3 Bb7 7. O-O Qc7 8. Re1
Nc6 9. Nxc6 dxc6 10. a4 Bd6 11. axb5 Bxh2+ 12. Kh1 cxb5 13. g3 Bxg3 14. fxg3
Qxg3 15. Re3 Qe5 16. Qf3 Ne7 17. Re2 g5 18. Rg2 h6 19. Bd2 Nf5 20. Rf1 O-O-O
21. Be1 Rhg8 22. Nd1 h5 23. Bc3 Qd6 24. Bf6 Nh4 25. Qxh5 Nxg2 26. Kxg2 Rdf8 27.
Ne3 Qb4 28. Qg4 Qd2+ 29. Kf3 Rg6 30. Bc3 Qh2 31. Rf2 Qc7 32. Ke2 Rd8 33. Qh5
Bc6 34. Ng4 Rgg8 35. Rxf7 Rd7 36. Rxd7 Bxd7 37. Qf7 Rd8 38. Be5 Qc5 39. Qg7 Qg1
1/2-1/2

[Event "C.to Italiano Semifinale"]
[Site "Torino ITA"]
[Date "2000.06.25"]
[Round "8"]
[White "Nikolajevic, Tihomir"]
[Black "Di Lao, Riccardo"]
[Result "0-1"]
[WhiteElo "1740"]
[BlackElo "1716"]
[PlyCount "110"]
[EventDate "2000.06.18"]

1. e4 c5 2. Nf3 e6 3. d4 cxd4 4. Nxd4 Nf6 5. Nc3 d6 6. Bc4 a6 7. Bb3 b5 8. O-O
b4 9. Na4 Nxe4 10. Re1 d5 11. Nf5 g6 12. Qd4 Rg8 13. Nh6 Nc6 14. Qe3 Bxh6 15.
Qxh6 Qf6 16. f3 Nd6 17. Bxd5 Bd7 18. Nb6 Rb8 19. Nxd7 Kxd7 20. Bb3 Nf5 21. Qg5
Qd4+ 22. Be3 Qxb2 23. Rad1+ Kc7 24. Qf4+ e5 25. Qc4 Nxe3 26. Qxf7+ Kb6 27. Rxe3
Rgd8 28. Red3 Rxd3 29. Rxd3 Qc1+ 30. Kf2 e4 31. fxe4 Qh6 32. Rh3 Qd2+ 33. Kf1
Qd1+ 34. Kf2 Rd8 35. Rd3 Rxd3 36. cxd3 Qxd3 37. Bd5 Qc2+ 38. Kg3 Qc3+ 39. Qf3
Nd4 40. Qxc3 bxc3 41. Kf2 c2 42. Ke3 c1=Q+ 43. Kxd4 Qg1+ 44. Ke5 Qxh2+ 45. Ke6
Qxg2 46. e5 Qg4+ 47. Kd6 Qb4+ 48. Ke6 Kc7 49. Bb3 h5 50. Kd5 Kd7 51. e6+ Ke7
52. Ke5 h4 53. Kd5 h3 54. Ke5 h2 55. Bd5 Qd6+ 0-1

[Event "C.to Italiano Semifinale"]
[Site "Torino ITA"]
[Date "2000.06.25"]
[Round "8"]
[White "Petruccioli, Antonio"]
[Black "Sarno, Spartaco"]
[Result "0-1"]
[WhiteElo "2114"]
[BlackElo "2391"]
[PlyCount "186"]
[EventDate "2000.06.18"]

1. e4 d6 2. f4 g6 3. Nf3 Bg7 4. d4 Nf6 5. Bd3 O-O 6. c4 c5 7. dxc5 Qa5+ 8. Nc3
Qxc5 9. Qe2 Bg4 10. Be3 Qa5 11. O-O Nc6 12. a3 Rfc8 13. b4 Qd8 14. Rac1 Nd7 15.
Qf2 Bxf3 16. gxf3 Qf8 17. Rfd1 Nf6 18. Bf1 Nh5 19. Bh3 Rd8 20. Qd2 Bh6 21. Nd5
e6 22. Nc7 Rab8 23. Nb5 e5 24. fxe5 Bxe3+ 25. Qxe3 dxe5 26. Nxa7 Nf4 27. Bf1
Qh6 28. Kh1 Nd4 29. Nb5 Nxb5 30. cxb5 Qh5 31. a4 Rxd1 32. Rxd1 Rc8 33. Qf2 Rc3
34. Bg2 Kg7 35. a5 Rb3 36. a6 bxa6 37. bxa6 Rxb4 38. Ra1 Nxg2 39. Qxg2 Rb8 40.
a7 Ra8 41. Qg3 f6 42. Qf2 g5 43. Ra3 Qh3 44. Ra1 Kg6 45. Kg1 Qc8 46. Kg2 Qb7
47. h3 h6 48. Kg3 Qc7 49. Ra2 Kg7 50. Qe3 Kg6 51. h4 Qc4 52. Ra3 Qc7 53. Ra1
Qc6 54. hxg5 hxg5 55. Qa3 Qc7 56. Qa5 Qh7 57. Kg2 g4 58. fxg4 Qh4 59. Qe1 Qxe1
60. Rxe1 Rxa7 61. Re3 Kg5 62. Kg3 Ra4 63. Kf3 Kh4 64. Rb3 Ra1 65. Rb6 Rf1+ 66.
Ke2 Rf4 67. Ke3 Kxg4 68. Ra6 Kg5 69. Ra1 Rg4 70. Ra6 Rg3+ 71. Kf2 Rb3 72. Rc6
Kf4 73. Rxf6+ Kxe4 74. Rd6 Rb2+ 75. Ke1 Ke3 76. Kd1 Rh2 77. Rf6 Rh1+ 78. Kc2 e4
79. Rf5 Ke2 80. Rf4 e3 81. Rf6 Rh8 82. Rf5 Rc8+ 83. Kb2 Ke1 84. Rf7 e2 85. Kb1
Rc4 86. Kb2 Kd2 87. Rd7+ Ke3 88. Kb3 Re4 89. Rh7 e1=Q 90. Rh3+ Kf4 91. Kb2 Qd2+
92. Kb3 Rb4+ 93. Ka3 Qb2# 0-1

[Event "C.to Italiano Semifinale"]
[Site "Torino ITA"]
[Date "2000.06.25"]
[Round "8"]
[White "Rettore, Ludwig"]
[Black "Orlando, Luigi"]
[Result "1-0"]
[WhiteElo "2076"]
[BlackElo "1794"]
[PlyCount "41"]
[EventDate "2000.06.18"]

1. e4 e5 2. Nf3 Nc6 3. Bb5 f5 4. Nc3 fxe4 5. Nxe4 d5 6. Nxe5 Bd7 7. Qh5+ g6 8.
Nxg6 Nf6 9. Nxf6+ Qxf6 10. Nxh8+ Ke7 11. O-O Qxh8 12. Re1+ Be6 13. d4 Nxd4 14.
Bg5+ Kd6 15. Bf4+ Kc5 16. Be5 Qg8 17. b4+ Kxb5 18. Bxd4 Bxb4 19. Rab1 c5 20.
c4+ dxc4 21. Qxc5+ 1-0

[Event "C.to Italiano Semifinale"]
[Site "Torino ITA"]
[Date "2000.06.25"]
[Round "8"]
[White "Tatai, Stefano"]
[Black "Ciuffoletti, Paolo"]
[Result "0-1"]
[WhiteElo "2371"]
[BlackElo "2168"]
[PlyCount "80"]
[EventDate "2000.06.18"]

1. e4 e5 2. Nf3 Nc6 3. Bb5 g6 4. d4 exd4 5. Bg5 Be7 6. Bf4 Nf6 7. e5 Nd5 8. Bh6
a6 9. Bc4 Nb6 10. Bb3 d5 11. exd6 Qxd6 12. O-O Bg4 13. h3 Bxf3 14. Qxf3 O-O-O
15. Bg7 Rhg8 16. Qxf7 Kb8 17. Nd2 Qd7 18. Be6 Rxg7 19. Qxg7 Qxe6 20. Qxh7 Qf5
21. Nf3 Nd5 22. Rad1 Nf4 23. Rfe1 Qf6 24. Re4 Rh8 25. Qxh8+ Qxh8 26. Rxf4 Bc5
27. a3 Qg8 28. b4 Bb6 29. Re1 Nd8 30. Nxd4 Bxd4 31. Rxd4 Nc6 32. Rd3 Qa2 33.
Re2 Nd4 34. Re8+ Ka7 35. Kh2 Nxc2 36. Re2 Qc4 37. Red2 Nxa3 38. Rg3 Qf4 39. Rd7
Nb5 40. Rg7 Nd4 0-1

[Event "C.to Italiano Semifinale"]
[Site "Torino ITA"]
[Date "2000.06.25"]
[Round "8"]
[White "Zotti, Enrico"]
[Black "Vigile, Matteo"]
[Result "1-0"]
[WhiteElo "1704"]
[BlackElo "1783"]
[PlyCount "85"]
[EventDate "2000.06.18"]

1. e4 e5 2. Nf3 Nc6 3. Bb5 Bc5 4. O-O Nd4 5. Nxd4 Bxd4 6. c3 Bb6 7. d4 c6 8.
Bc4 d6 9. dxe5 dxe5 10. Qh5 Qe7 11. Bg5 Nf6 12. Qe2 Be6 13. Nd2 O-O 14. Kh1 h6
15. Bh4 g5 16. Bg3 Bc7 17. Rfd1 Kg7 18. Nf1 Rae8 19. h3 Bxc4 20. Qxc4 Nh5 21.
Ne3 Nxg3+ 22. fxg3 Qe6 23. Qe2 Kg6 24. g4 Rd8 25. Nf5 Bb6 26. b4 Rxd1+ 27. Rxd1
Rd8 28. Rxd8 Bxd8 29. Qd3 Bc7 30. c4 a6 31. a3 b6 32. b5 axb5 33. cxb5 Qe8 34.
bxc6 Kf6 35. Qd5 Qe6 36. a4 Qc8 37. Nxh6 Qf8 38. Nf5 Qa3 39. Qd7 Qc1+ 40. Kh2
Bb8 41. Qd8+ Kg6 42. Qg8+ Kf6 43. Qxb8 1-0